| 000 | 00413nam a22001457a 4500 | ||
|---|---|---|---|
| 999 |
_c8152 _d8152 |
||
| 003 | OSt | ||
| 005 | 20200806111603.0 | ||
| 008 | 200806b ||||| |||| 00| 0 eng d | ||
| 020 | _a9788131521809 | ||
| 082 |
_a658.404 _bPER |
||
| 100 |
_aPerry, Mark Price, _d1959- |
||
| 245 | _aBusiness driven PMO success stories : across industries and around the world | ||
| 260 |
_aDelhi _bCengage learning _c2013 |
||
| 942 | _2ddc | ||